Quizzes
Events
Quiz Creation
Community
Videos
Private Events
Remove Ads
Sign In
Join for FREE
Feedback
Dark Mode
Quiz Categories
Sports
Geography
Music
Movies
Television
Just For Fun
Miscellaneous
History
Literature
Language
Science
Gaming
Entertainment
Religion
Holiday
For Kids
Quiz Lab
Recent
Popular Today
Quiz Kudos Today
Editor Picks
Curator Picks
Quizzes by...
Day
Popularity
Type
Ratings
Length
Year
Community
Subscriptions
Recent Discussions
Orange Saloon
Badges
Playlists
Quests
Create
Leaderboards
Showdown
Live 5
Trivia Bingo
Activity
Puzzle Library
Sporcle Events
Private Events
Virtual Trivia
Globe League
Become a Host
Pub Owners
SporcleCon
Opinionation
Our Games
Videos
Blog
Mobile Apps
Partnerships
Remove Ads and Go Orange
Feedback
Sports
Athletes
MLB
NBA
NHL
NFL
Soccer
Sports Teams
WWE
NCAA
Football
Premier League
Basketball
Baseball
Hockey
Golf
Tennis
Cricket
Rugby
Auto Racing
Olympics
World Cup
Sports
Athletes
MLB
NBA
NHL
NFL
Soccer
Sports Teams
WWE
NCAA
Football
Premier League
Basketball
Baseball
Hockey
Golf
Tennis
Cricket
Rugby
Auto Racing
Olympics
World Cup
Random Quiz
Search Sporcle
×
Curator Pick
Curator Pick
Sports
MLB
Type in answers that appear in a list
Type in answers that appear in a list
Classic
Best Score? Go Orange.
MLB Network Top 100 Players (2013) Stats
Can you name the MLB Network Top 100 Players (2013)?
By
dabbas
10m
100 Questions
9,498 Plays
9,498 Plays
9,498 Plays
Comments
Comments
Give Quiz Kudos
Give Quiz Kudos
-
- Ratings
hide this ad
Replay
Link that replays current quiz
Next Quiz
Link to next quiz in quiz playlist
You Got
0%
They Got
Avg Score
59%
Avg Friend Score
Upgrade to see
Score Distribution
Jump to the score distribution portion of the page
Score
0/100
Timer
10:00
0
Plays Today
Rank
Player
% Correct
1
Mike Trout
97.2%
3
Miguel Cabrera
97.1%
2
Justin Verlander
95.9%
6
Ryan Braun
93.4%
14
Albert Pujols
91.9%
9
Joey Votto
91.7%
5
Clayton Kershaw
91%
7
Felix Hernandez
89.6%
4
Matt Kemp
89.1%
11
Prince Fielder
88.8%
8
Robinson Cano
88.5%
10
Josh Hamilton
88.1%
16
Evan Longoria
86.5%
53
Derek Jeter
83.3%
12
David Price
83%
23
Adam Jones
82.6%
19
Cliff Lee
82.6%
17
Andrew McCutchen
82.5%
30
Carlos Gonzalez
82.4%
21
Buster Posey
82.4%
95
Adrian Gonzalez
82.2%
49
Gio Gonzalez
82.1%
18
CC Sabathia
82.1%
22
David Wright
81.2%
15
Giancarlo Stanton
80.6%
28
Jose Bautista
80.3%
100
Ryan Howard
79.2%
46
Roy Halladay
76.7%
35
Justin Upton
75.8%
69
B.J. Upton
75.6%
38
Joe Mauer
75.5%
13
Adrian Beltre
74.6%
96
Chase Utley
74.3%
54
Bryce Harper
73.9%
Rank
Player
% Correct
20
Cole Hamels
73.2%
25
Jose Reyes
72.5%
29
Ryan Zimmerman
72.1%
26
Stephen Strasburg
72.1%
45
Matt Cain
69.9%
34
Dustin Pedroia
69.9%
31
Brandon Phillips
66%
41
Matt Holliday
64.4%
33
Paul Konerko
64.3%
60
David Ortiz
64.3%
24
Yadier Molina
64%
32
Aramis Ramirez
63.9%
51
Troy Tulowitzki
62.8%
44
Pablo Sandoval
62.5%
40
Ian Kinsler
62.4%
36
Jay Bruce
60%
89
Adam Wainwright
59.9%
57
Zack Greinke
59.7%
37
Jered Weaver
59.6%
59
Jason Heyward
59.3%
78
Curtis Granderson
58.9%
61
Mariano Rivera
58.8%
39
Edwin Encarnacion
58.6%
77
Jim Johnson
56.9%
50
R.A. Dickey
52.8%
27
Craig Kimbrel
52.6%
82
Carlos Beltran
52%
55
Billy Butler
50.8%
52
Starlin Castro
50.1%
97
Elvis Andrus
50.1%
94
Jacoby Ellsbury
47.3%
63
Johnny Cueto
45.9%
90
Aroldis Chapman
45.9%
70
Alex Gordon
45.6%
Rank
Player
% Correct
80
Brian McCann
45.6%
98
Yu Darvish
44.6%
42
Yoenis Cespedes
44.3%
68
James Shields
43.8%
58
Austin Jackson
42.6%
93
Victor Martinez
41.8%
71
Madison Bumgarner
41.6%
48
Matt Wieters
40.4%
56
Chris Sale
40%
62
Jonathan Papelbon
39.5%
67
David Freese
39.5%
88
Jon Lester
39.4%
72
Yovani Gallardo
38.8%
74
Chase Headley
37.3%
83
Torii Hunter
33.5%
92
Jordan Zimmermann
32.7%
43
Josh Willingham
32.1%
75
Ian Desmond
32%
84
Allen Craig
31.3%
91
Michael Bourn
30.8%
73
Adam LaRoche
30.5%
66
J.J. Hardy
28.4%
81
Carlos Ruiz
27.2%
65
Kyle Lohse
25.4%
79
Miguel Montero
24.2%
87
Mike Moustakas
24.1%
99
Sergio Romo
23.8%
86
Brett Lawrie
21.7%
76
Jason Motte
21.5%
85
Michael Morse
20.7%
47
A.J. Pierzynski
18%
64
Wade Miley
10.4%
Quiz Playlist
Details
Report
Send in Message
Add To Playlist
Classic:
Type in answers that appear in a list
Quiz Source
Last Updated: Mar 27, 2017
Curator Pick in
Baseball
Quiz Scoreboard
CHALLENGE
Sign Up to Join the Scoreboard
Show All
Scores
Hide
Comments
May contain spoilers
Recently Published
Movies - When Are They Set?
by FPL_Elf
Movies
5m
Popular People in 1961
by mucciniale
History
6m
1-10 Letter E Words III
by El_Dandy
Language
2m
More to Explore
Quiz From the Vault
Featured Blog Post
Where Did the Easter Bunny Come From?
hide this ad
You Might Also Like...
Tags
Baseball Quiz
MLB Quiz
Top 100
Today's Top Quizzes in Sports
Browse Sports
hide this ad
Today's Top Quizzes in MLB
Browse MLB
Top Contributed Quizzes in Sports
1
Les meilleurs buteurs des matchs entre le PSG et l’OM
2
FIFA Club World Cup Champions
3
Les entraîneurs de l'OM et du PSG au 21e siècle
4
2022 World Cup Stars
5
Name the Premier League winners with different clubs
6
La finale Lions - Afrique du Sud 2021
7
Criteria MLB: Left Handed Sluggers
8
Les joueurs passés par le LOSC et le RC Lens
9
Players with Multiple 50 Home Run Seasons
10
MLB Players with Two .350 Batting Average Seasons
Explore More
Trending Topics
Kpop
Anime
Crossword
Disney
Marvel
Harry Potter
NBA
The Office
WWE
Country
Song
Soccer
Puzzle
Pokémon
NFL
hide this ad
More By:
dabbas
Quiz
Plays
Rating
Category
Featured
Created
Los Angeles Lakers MVP Votes
88,846
4.72
Sports
Aug 19, 2016
NBA MVP Voting (2011-12)
80,501
4.22
Sports
May 12, 2012
NBA MVP Top-10 Teammates (Since 1970)
79,824
4.80
Sports
Feb 10, 2013
Boston Celtics MVP Votes
74,046
4.89
Sports
Aug 18, 2016
Chicago Bulls MVP Votes
65,759
4.77
Sports
Aug 14, 2016
Go to Creator's Profile
Score Distribution
Quiz Creator Spotlight
dabbas
Follow
Send a Message
Quizzes Created
-
Created Quiz Play Count
-
More By This Creator
Popular Quizzes Today
1
Find the Countries of Europe - No Outlines Minefield
2
Find the US States - No Outlines Minefield
3
The Countries of the World
4
Popular People in 1961
5
US States
6
1-10 Letter E Words III
7
Find the US States
8
One Thing in Common: World Cities II
More Sports Quizzes
The Masters: 'Who Put the Green Jacket on Me?'
Editor's Pick
Trending Quizzes
Risky Map Clicking: Least Populous States A-Z
1-10 Letter F Words
Humor Books: The Subtitles
1-10 Letter G Words
One Thing in Common: United Kingdom
Recently Updated
Leaping Animals
pecheneg
Reality TV Shows (A-Z)
bhenderson79
Rickey Henderson's Hall of Fame Teammates
pecheneg
Champions League XIs: Arsenal
pecheneg
Quick Pick: Celebrities in WWE's Hall of Fame
aduchscher
A-Z Keypad Blitz II
pecheneg
Multiple Oscar Actors
pecheneg
Mystery Phrase Blitz: Oscar 'Best Actors'
pecheneg
F. Scott Fitzgerald Novels
LTH
Pick 3 Villains
ddd62291
Trending Topics
Crossword
Anime
Disney
Kpop
NBA
Harry Potter
Marvel
Song
Soccer
Country
NFL
Pokémon
WWE
Puzzle
The Office
Your Account Isn't Verified!
In order to create a playlist on Sporcle, you need to verify the email address you used during registration. Go to your
Sporcle Settings
to finish the process.
Report this User
Report this user for behavior that violates our
Community Guidelines
.
Details:
Send Report
Go to the Sporcle.com Mobile Site →
Comments